<?xml version="1.0" encoding="UTF-8"?>
<record
    xmlns:xsi="http://www.w3.org/2001/XMLSchema-instance"
    xsi:schemaLocation="http://www.loc.gov/MARC21/slim http://www.loc.gov/standards/marcxml/schema/MARC21slim.xsd"
    xmlns="http://www.loc.gov/MARC21/slim">

  <leader>02740nam0a2200493   4500</leader>
  <controlfield tag="001">RU\NLR\bibl\358209</controlfield>
  <controlfield tag="005">20260408152659.0</controlfield>
  <datafield tag="010" ind1=" " ind2=" ">
    <subfield code="a">5-94201-107-9</subfield>
    <subfield code="9">1550</subfield>
  </datafield>
  <datafield tag="021" ind1=" " ind2=" ">
    <subfield code="a">RU</subfield>
    <subfield code="b">2002-55292</subfield>
    <subfield code="9">2686</subfield>
  </datafield>
  <datafield tag="035" ind1=" " ind2=" ">
    <subfield code="a">(NLR Aleph) 000352848</subfield>
  </datafield>
  <datafield tag="090" ind1=" " ind2=" ">
    <subfield code="a">286932</subfield>
    <subfield code="c">286932</subfield>
  </datafield>
  <datafield tag="100" ind1=" " ind2=" ">
    <subfield code="a">20030117d2002    u  y0rusy50      ca</subfield>
  </datafield>
  <datafield tag="101" ind1="0" ind2=" ">
    <subfield code="a">rus</subfield>
  </datafield>
  <datafield tag="102" ind1=" " ind2=" ">
    <subfield code="a">RU</subfield>
  </datafield>
  <datafield tag="105" ind1=" " ind2=" ">
    <subfield code="a">a   |||||||||</subfield>
  </datafield>
  <datafield tag="200" ind1="1" ind2=" ">
    <subfield code="a">&#x410;&#x433;&#x440;&#x435;&#x441;&#x441;&#x438;&#x44F; &#x438; &#x43F;&#x441;&#x438;&#x445;&#x438;&#x447;&#x435;&#x441;&#x43A;&#x43E;&#x435; &#x437;&#x434;&#x43E;&#x440;&#x43E;&#x432;&#x44C;&#x435;</subfield>
    <subfield code="d">Aggression and mental health</subfield>
    <subfield code="f">[&#x422;. &#x411;. &#x414;&#x43C;&#x438;&#x442;&#x440;&#x438;&#x435;&#x432;&#x430;, &#x411;. &#x412;. &#x428;&#x43E;&#x441;&#x442;&#x430;&#x43A;&#x43E;&#x432;&#x438;&#x447;, &#x413;. &#x411;. &#x410;&#x433;&#x430;&#x43B;&#x430;&#x440;&#x437;&#x430;&#x434;&#x435; &#x438; &#x434;&#x440;.]</subfield>
    <subfield code="g">&#x41F;&#x43E;&#x434; &#x440;&#x435;&#x434;. &#x430;&#x43A;&#x430;&#x434;. &#x420;&#x410;&#x41C;&#x41D; &#x422;. &#x411;. &#x414;&#x43C;&#x438;&#x442;&#x440;&#x438;&#x435;&#x432;&#x43E;&#x439; &#x438; &#x43F;&#x440;&#x43E;&#x444;. &#x411;. &#x412;. &#x428;&#x43E;&#x441;&#x442;&#x430;&#x43A;&#x43E;&#x432;&#x438;&#x447;&#x430;</subfield>
    <subfield code="g">&#x410;&#x441;&#x441;&#x43E;&#x446;. "&#x42E;&#x440;&#x438;&#x434;. &#x446;&#x435;&#x43D;&#x442;&#x440;", &#x41C;-&#x432;&#x43E; &#x437;&#x434;&#x440;&#x430;&#x432;&#x43E;&#x43E;&#x445;&#x440;&#x430;&#x43D;&#x435;&#x43D;&#x438;&#x44F; &#x420;&#x424;, &#x413;&#x43E;&#x441;. &#x43D;&#x430;&#x443;&#x447;. &#x446;&#x435;&#x43D;&#x442;&#x440; &#x441;&#x43E;&#x446;&#x438;&#x430;&#x43B;. &#x438; &#x441;&#x443;&#x434;&#x435;&#x431;. &#x43F;&#x441;&#x438;&#x445;&#x438;&#x430;&#x442;&#x440;&#x438;&#x438; &#x438;&#x43C;. &#x412;.&#x41F;. &#x421;&#x435;&#x440;&#x431;&#x441;&#x43A;&#x43E;&#x433;&#x43E;</subfield>
    <subfield code="z">eng</subfield>
  </datafield>
  <datafield tag="210" ind1=" " ind2=" ">
    <subfield code="a">&#x421;&#x41F;&#x431;.</subfield>
    <subfield code="c">&#x42E;&#x440;&#x438;&#x434;. &#x446;&#x435;&#x43D;&#x442;&#x440; &#x43F;&#x440;&#x435;&#x441;&#x441;</subfield>
    <subfield code="d">2002</subfield>
  </datafield>
  <datafield tag="215" ind1=" " ind2=" ">
    <subfield code="a">460,[4] &#x441;.</subfield>
    <subfield code="c">&#x438;&#x43B;.</subfield>
    <subfield code="d">22</subfield>
  </datafield>
  <datafield tag="225" ind1="1" ind2=" ">
    <subfield code="a">&#x422;&#x435;&#x43E;&#x440;&#x438;&#x44F; &#x438; &#x43F;&#x440;&#x430;&#x43A;&#x442;&#x438;&#x43A;&#x430; &#x443;&#x433;&#x43E;&#x43B;&#x43E;&#x432;&#x43D;&#x43E;&#x433;&#x43E; &#x43F;&#x440;&#x430;&#x432;&#x430; &#x438; &#x443;&#x433;&#x43E;&#x43B;&#x43E;&#x432;&#x43D;&#x43E;&#x433;&#x43E; &#x43F;&#x440;&#x43E;&#x446;&#x435;&#x441;&#x441;&#x430;</subfield>
  </datafield>
  <datafield tag="300" ind1=" " ind2=" ">
    <subfield code="a">&#x410;&#x432;&#x442;. &#x443;&#x43A;&#x430;&#x437;&#x430;&#x43D;&#x44B; &#x43D;&#x430; 461-&#x439; &#x441;.</subfield>
  </datafield>
  <datafield tag="320" ind1=" " ind2=" ">
    <subfield code="a">&#x411;&#x438;&#x431;&#x43B;&#x438;&#x43E;&#x433;&#x440;.: &#x441;. 448-460</subfield>
  </datafield>
  <datafield tag="510" ind1="0" ind2=" ">
    <subfield code="a">Aggression and mental health</subfield>
  </datafield>
  <datafield tag="606" ind1="0" ind2=" ">
    <subfield code="a">&#x410;&#x433;&#x440;&#x435;&#x441;&#x441;&#x438;&#x432;&#x43D;&#x43E;&#x441;&#x442;&#x44C;</subfield>
    <subfield code="x">&#x421;&#x443;&#x434;&#x435;&#x431;&#x43D;&#x43E;-&#x43F;&#x441;&#x438;&#x445;&#x438;&#x430;&#x442;&#x440;&#x438;&#x447;&#x435;&#x441;&#x43A;&#x430;&#x44F; &#x44D;&#x43A;&#x441;&#x43F;&#x435;&#x440;&#x442;&#x438;&#x437;&#x430;</subfield>
    <subfield code="9">2279589</subfield>
    <subfield code="3">RU\NLR\auth\661365848</subfield>
  </datafield>
  <datafield tag="606" ind1="0" ind2=" ">
    <subfield code="a">&#x41F;&#x440;&#x435;&#x441;&#x442;&#x443;&#x43F;&#x43B;&#x435;&#x43D;&#x438;&#x44F;, &#x441;&#x43E;&#x432;&#x435;&#x440;&#x448;&#x435;&#x43D;&#x43D;&#x44B;&#x435; &#x43B;&#x438;&#x446;&#x430;&#x43C;&#x438;, &#x441;&#x442;&#x440;&#x430;&#x434;&#x430;&#x44E;&#x449;&#x438;&#x43C;&#x438; &#x43F;&#x441;&#x438;&#x445;&#x438;&#x447;&#x435;&#x441;&#x43A;&#x438;&#x43C;&#x438; &#x440;&#x430;&#x441;&#x441;&#x442;&#x440;&#x43E;&#x439;&#x441;&#x442;&#x432;&#x430;&#x43C;&#x438;</subfield>
    <subfield code="x">&#x41F;&#x440;&#x435;&#x434;&#x443;&#x43F;&#x440;&#x435;&#x436;&#x434;&#x435;&#x43D;&#x438;&#x435;</subfield>
    <subfield code="y">&#x420;&#x43E;&#x441;&#x441;&#x438;&#x439;&#x441;&#x43A;&#x430;&#x44F; &#x424;&#x435;&#x434;&#x435;&#x440;&#x430;&#x446;&#x438;&#x44F;</subfield>
    <subfield code="9">2021229</subfield>
    <subfield code="3">RU\NLR\auth\66930221</subfield>
  </datafield>
  <datafield tag="606" ind1=" " ind2=" ">
    <subfield code="a">&#x410;&#x433;&#x440;&#x435;&#x441;&#x441;&#x438;&#x432;&#x43D;&#x43E;&#x441;&#x442;&#x44C; (&#x43F;&#x441;&#x438;&#x445;&#x43E;&#x43B;.)</subfield>
    <subfield code="3">RU\NLR\auth\6616106</subfield>
    <subfield code="9">916563</subfield>
  </datafield>
  <datafield tag="610" ind1="0" ind2=" ">
    <subfield code="a">&#x410;&#x433;&#x440;&#x435;&#x441;&#x441;&#x438;&#x432;&#x43D;&#x43E;&#x441;&#x442;&#x44C; (&#x43F;&#x441;&#x438;&#x445;&#x43E;&#x43B;.)</subfield>
  </datafield>
  <datafield tag="610" ind1="0" ind2=" ">
    <subfield code="a">&#x42E;&#x440;&#x438;&#x434;&#x438;&#x447;&#x435;&#x441;&#x43A;&#x430;&#x44F; &#x43F;&#x441;&#x438;&#x445;&#x43E;&#x43B;&#x43E;&#x433;&#x438;&#x44F;</subfield>
  </datafield>
  <datafield tag="675" ind1=" " ind2=" ">
    <subfield code="a">343.953</subfield>
    <subfield code="v">3</subfield>
    <subfield code="z">rus</subfield>
  </datafield>
  <datafield tag="686" ind1=" " ind2=" ">
    <subfield code="a">10.77</subfield>
    <subfield code="2">rugasnti</subfield>
  </datafield>
  <datafield tag="686" ind1=" " ind2=" ">
    <subfield code="a">67.51</subfield>
    <subfield code="2">rubbk</subfield>
  </datafield>
  <datafield tag="686" ind1=" " ind2=" ">
    <subfield code="a">&#x420;648.1</subfield>
  </datafield>
  <datafield tag="686" ind1=" " ind2=" ">
    <subfield code="a">&#x420;64-325</subfield>
  </datafield>
  <datafield tag="686" ind1=" " ind2=" ">
    <subfield code="a">&#x42E;936.2-81</subfield>
  </datafield>
  <datafield tag="686" ind1=" " ind2=" ">
    <subfield code="a">&#x425;628.101.101</subfield>
  </datafield>
  <datafield tag="701" ind1=" " ind2="1">
    <subfield code="4">070</subfield>
    <subfield code="8">rus</subfield>
    <subfield code="7">ca</subfield>
    <subfield code="a">&#x414;&#x43C;&#x438;&#x442;&#x440;&#x438;&#x435;&#x432;&#x430;</subfield>
    <subfield code="b">&#x422;.&#x411;.</subfield>
    <subfield code="c">&#x434;-&#x440; &#x43C;&#x435;&#x434;. &#x43D;&#x430;&#x443;&#x43A;</subfield>
    <subfield code="f">1951-2010</subfield>
    <subfield code="g">&#x422;&#x430;&#x442;&#x44C;&#x44F;&#x43D;&#x430; &#x411;&#x43E;&#x440;&#x438;&#x441;&#x43E;&#x432;&#x43D;&#x430;</subfield>
    <subfield code="3">RU\NLR\auth\7722806</subfield>
    <subfield code="9">5861</subfield>
  </datafield>
  <datafield tag="701" ind1=" " ind2="1">
    <subfield code="4">070</subfield>
    <subfield code="8">rus</subfield>
    <subfield code="7">ca</subfield>
    <subfield code="a">&#x428;&#x43E;&#x441;&#x442;&#x430;&#x43A;&#x43E;&#x432;&#x438;&#x447;</subfield>
    <subfield code="b">&#x411;. &#x412;.</subfield>
    <subfield code="f">1932-2007</subfield>
    <subfield code="g">&#x411;&#x43E;&#x440;&#x438;&#x441; &#x412;&#x43B;&#x430;&#x434;&#x438;&#x43C;&#x438;&#x440;&#x43E;&#x432;&#x438;&#x447;</subfield>
    <subfield code="3">RU\NLR\auth\7756145</subfield>
    <subfield code="9">39077</subfield>
  </datafield>
  <datafield tag="701" ind1=" " ind2="1">
    <subfield code="a">&#x410;&#x433;&#x430;&#x43B;&#x430;&#x440;&#x437;&#x430;&#x434;&#x435;</subfield>
    <subfield code="b">&#x413;. &#x411;.</subfield>
    <subfield code="g">&#x413;&#x44E;&#x43B;&#x44C;&#x448;&#x430;&#x434; &#x411;&#x430;&#x448;&#x438;&#x440;-&#x41A;&#x44B;&#x437;&#x44B;</subfield>
    <subfield code="4">070</subfield>
  </datafield>
  <datafield tag="712" ind1="0" ind2="2">
    <subfield code="4">570</subfield>
    <subfield code="a">"&#x42E;&#x440;&#x438;&#x434;&#x438;&#x447;&#x435;&#x441;&#x43A;&#x438;&#x439; &#x446;&#x435;&#x43D;&#x442;&#x440;", &#x430;&#x441;&#x441;&#x43E;&#x446;&#x438;&#x430;&#x446;&#x438;&#x44F;</subfield>
    <subfield code="c">&#x421;&#x430;&#x43D;&#x43A;&#x442;-&#x41F;&#x435;&#x442;&#x435;&#x440;&#x431;&#x443;&#x440;&#x433;</subfield>
    <subfield code="3">RU\NLR\AUTH\8810042940</subfield>
    <subfield code="9">585331</subfield>
  </datafield>
  <datafield tag="801" ind1=" " ind2="0">
    <subfield code="a">RU</subfield>
    <subfield code="b">RKP</subfield>
    <subfield code="c">20030117</subfield>
    <subfield code="g">PSBO</subfield>
  </datafield>
  <datafield tag="801" ind1=" " ind2="1">
    <subfield code="a">RU</subfield>
    <subfield code="b">RKP</subfield>
    <subfield code="c">20030117</subfield>
  </datafield>
  <datafield tag="801" ind1=" " ind2="2">
    <subfield code="a">RU</subfield>
    <subfield code="b">NLR</subfield>
    <subfield code="c">20131003</subfield>
    <subfield code="g">rcr</subfield>
  </datafield>
  <datafield tag="942" ind1=" " ind2=" ">
    <subfield code="c">BOOK</subfield>
  </datafield>
  <datafield tag="980" ind1=" " ind2=" ">
    <subfield code="a">NB</subfield>
  </datafield>
  <datafield tag="995" ind1=" " ind2=" ">
    <subfield code="5">2003-01-21</subfield>
    <subfield code="a">ad</subfield>
    <subfield code="b">NLR01</subfield>
    <subfield code="c">NLR01</subfield>
    <subfield code="e">RF3</subfield>
    <subfield code="f">406349</subfield>
    <subfield code="k">2003-5/447</subfield>
    <subfield code="o">0</subfield>
    <subfield code="r">BOOK</subfield>
    <subfield code="s">20035447_</subfield>
  </datafield>
  <datafield tag="995" ind1=" " ind2=" ">
    <subfield code="5">2003-01-21</subfield>
    <subfield code="a">ad</subfield>
    <subfield code="b">NLR01</subfield>
    <subfield code="c">NLR01</subfield>
    <subfield code="e">RF3</subfield>
    <subfield code="f">406350</subfield>
    <subfield code="k">2003-5/447</subfield>
    <subfield code="o">0</subfield>
    <subfield code="r">BOOK</subfield>
    <subfield code="s">20035447_</subfield>
  </datafield>
  <datafield tag="995" ind1=" " ind2=" ">
    <subfield code="5">2003-07-11</subfield>
    <subfield code="a">aa</subfield>
    <subfield code="b">NLR01</subfield>
    <subfield code="c">NLR01</subfield>
    <subfield code="e">OUT02</subfield>
    <subfield code="f">516307</subfield>
    <subfield code="o">0</subfield>
    <subfield code="p">174.70</subfield>
    <subfield code="r">BOOK</subfield>
  </datafield>
  <datafield tag="995" ind1=" " ind2=" ">
    <subfield code="5">2003-09-17</subfield>
    <subfield code="a">aa</subfield>
    <subfield code="b">NLR01</subfield>
    <subfield code="c">NLR01</subfield>
    <subfield code="e">OBM02</subfield>
    <subfield code="f">549144</subfield>
    <subfield code="o">0</subfield>
    <subfield code="p">174.70</subfield>
    <subfield code="r">BOOK</subfield>
  </datafield>
</record>
